| Поле | Инд. | ПП | Название | Значение |
|---|---|---|---|---|
| Тип записи | a | |||
| Библиографический уровень | b | |||
| 001 | Контрольный номер | UNIDUBNA1fbf4b284c2c440198a09a1d374f59d5 | ||
| 005 | Дата корректировки | 20260514201503.7 | ||
| 008 | Кодируемые данные | 20170331 | ||
| 040 | b | Код языка каталог. | rus | |
| e | Правила каталог. | PSBO | ||
| 041 | 0_ | a | Код языка текста | rus |
| 084 | a | Индекс другой классификации/Индекс ББК | 63.3(2)634-3ю14 | |
| 100 | 1_ | a | Автор | Пивоваров Н. |
| e | Роль лиц | Пивоваров Никита | ||
| 100 | 1_ | a | Автор | Чагадаева О. |
| q | Полное имя | Чагадаева Ольга | ||
| 245 | 10 | a | Заглавие | "Несчастье не позволяет молчать..." |
| b | Продолж. заглавия | Письма советских трудящихся в ЦК КПСС публикуются впервые | ||
| 500 | a | Примечание | Тема номера: 40 лет Чернобылю | |
| 520 | 0_ | a | Аннотация | В Российском государственном архиве новейшей истории, в фонде писем Общего отдела ЦК КПСС отложились сотни обращений советских граждан по поводу Чернобыльской катастрофы. Диапазон чувств и суждений большой... Наибольшей критике подвергалось замалчивание произошедшей катастрофы в первые, самые кризисные дни, на всех властных уровнях, что противоречило политике гласности, только что провозглашенной Горбачевым, и привело к распространению слухов и панических настроений. На трагедии в Чернобыле политика гласности буксовала: руководство страны продолжало замалчивать подробности вплоть до распада СССР. |
| 650 | 14 | a | Основная рубрика | внутренняя политика |
| a | Основная рубрика | история | ||
| 653 | 0_ | a | Ключевые слова | XX век |
| a | Ключевые слова | авария на Чернобыльской АЭС | ||
| a | Ключевые слова | атомные электростанции (АЭС) | ||
| a | Ключевые слова | ликвидаторы последствий аварии на ЧАЭС | ||
| a | Ключевые слова | общественное мнение | ||
| a | Ключевые слова | пожарные | ||
| a | Ключевые слова | последствия чернобыльской катастрофы | ||
| a | Ключевые слова | Припять | ||
| a | Ключевые слова | Россия | ||
| a | Ключевые слова | советский период | ||
| a | Ключевые слова | СССР | ||
| a | Ключевые слова | Украина | ||
| a | Ключевые слова | Чернобыль | ||
| a | Ключевые слова | чернобыльская авария 26 апреля 1986 | ||
| a | Ключевые слова | Чернобыльская АЭС | ||
| a | Ключевые слова | чернобыльская зона отчуждения | ||
| a | Ключевые слова | чернобыльцы | ||
| a | Ключевые слова | эвакуация населения | ||
| 773 | 08 | t | Заглавие источника | Родина |
| d | Дата издания источника | 2026 | ||
| g | Прочая информация | № 4. - С. 30 - 33 : фот., ил. | ||
| w | Контрольный № источника | UNIDUBNAd3f1dc7f83864c1389850c509fe509f0 | ||
| 901 | t | Тип документа | b |